Tập bài hát 1

Wedi'i Gadw mewn:
Manylion Llyfryddiaeth
Prif Awdur: Hoàng, Long
Awduron Eraill: Hàn, Ngọc Bích
Fformat: Llyfr
Iaith:Undetermined
Cyhoeddwyd: H. Giáo dục 2002
Pynciau:
Mynediad Ar-lein:http://lrc.tdmu.edu.vn/opac/search/detail.asp?aID=2&ID=4249
Tagiau: Ychwanegu Tag
Dim Tagiau, Byddwch y cyntaf i dagio'r cofnod hwn!
Thư viện lưu trữ: Trung tâm Học liệu Trường Đại học Thủ Dầu Một
LEADER 00588nam a2200205Ia 4500
001 TDMU_4249
008 210410s9999 xx 000 0 und d
082 |a 780.71 
090 |b H407 
100 |a Hoàng, Long 
245 0 |a Tập bài hát 1 
245 0 |c Hoàng Long 
260 |a H. 
260 |b Giáo dục 
260 |c 2002 
300 |a 32tr 
650 |a Sách lớp 1; Sách lớp 1 
700 |a Hàn, Ngọc Bích 
856 |u http://lrc.tdmu.edu.vn/opac/search/detail.asp?aID=2&ID=4249 
980 |a Trung tâm Học liệu Trường Đại học Thủ Dầu Một